000 00292nam a22001217a 4500
008 180213b xxu||||| |||| 00| 0 eng d
041 _aeng
080 _a33
100 _a58
101 _aBIZ
245 _aFinancial valuation: Businesses and business interests
_cZukin,J.H
942 _2udc
_cBK
999 _c42421
_d42421